000 00553nam a2200157 a 4500
001 000038041
005 20201002031149.0
008 130312s2012 dr ac 000 0 spa d
020 _a9789945006346
040 _aDO-SdBNP
_bspa
_cBNPHU
100 1 _aSantos Santos, Juan de Jesús
_964436
245 1 0 _aHistoria y genealogía de mi abuelo :
_bRamón María Santos Santos /
_cJuan de Jesús Santos Santos.
260 _aSanto Domingo :
_bAmigo del Hogar,
_c2012.
300 _a166 p. :
_bil., retrs. ;
_c22 cm.
500 _aIncluye notas al pie de las páginas
999 _c37531
_d37531